| 000 | 00731nam a2200217 a 4500 | ||
|---|---|---|---|
| 005 | 20220905201650.0 | ||
| 008 | 090604s2007 es r 000 0 spa d | ||
| 020 | _a9788498011968 | ||
| 035 | _aUPN01000170978 | ||
| 049 | _aCG | ||
| 050 | 4 |
_aDC203 _bD4.7 |
|
| 100 | 1 | _aDequerer Fergon, Jean Michel | |
| 245 | 1 | 0 |
_aTras los pasos de-- Napoleón / _cJean Michel Dequerer Fergon, James Prunier ; tr. Teresa Jarrín Rodríguez. |
| 260 |
_aBarcelona, Esp. : _bBlume, _cc2007. |
||
| 300 |
_a127 p. : _bil. col. |
||
| 440 | 0 | _aTras los pasos | |
| 534 |
_pTitulo original: _tSur les traces de... Napoléon |
||
| 600 | 0 | 0 |
_aNapoleón _bI, _cEmperador de Francia, _d1769-1821 _913104 |
| 700 | 1 |
_aPrunier, James, _ecoaut. |
|
| 905 | _aLibro | ||
| 999 |
_c143083 _d143083 |
||